Những danh nhân bất hủ trong lịch sử Trung Hoa
Gorde:
| Egile nagusia: | |
|---|---|
| Formatua: | Liburua |
| Hizkuntza: | Vietnamese |
| Argitaratua: |
Hà Nội
2004
|
| Etiketak: |
Etiketa erantsi
Etiketarik gabe, Izan zaitez lehena erregistro honi etiketa jartzen!
|
| Thư viện lưu trữ: | Mạng thư viện Đại học Đà Nẵng |
|---|
| LEADER | 00676nam a2200253 4500 | ||
|---|---|---|---|
| 001 | 000022465 | ||
| 003 | 18913 | ||
| 005 | 20150506100532.0 | ||
| 008 | 150506s2004 viesd | ||
| 020 | |c 32500 | ||
| 041 | 0 | |a vie | |
| 082 | 1 | 4 | |a 895,13 |b TÂ-T |
| 100 | 1 | |a Tất Trân | |
| 245 | 1 | 0 | |a Những danh nhân bất hủ trong lịch sử Trung Hoa |c Tất Trân ; Dương Thu Ái, Nguyễn Kim Hanh dịch |
| 260 | |b Hà Nội |c 2004 | ||
| 300 | |a tr. |c cm. | ||
| OWN | |a LSP | ||
| 999 | |a From the UDN01 | ||
| TYP | |a Monograph | ||
| TYP | |a Printed language | ||
| 980 | |a Mạng thư viện Đại học Đà Nẵng | ||